ARRUPE JESUIT UNIVERSITY

CORONAVIRUS -STOP THE SPREAD - CLEAN,DISINFECT,COVER

The philosophy of Jonathan Edwards : (Record no. 4558)

MARC details
000 -LEADER
fixed length control field 01170cam a2200289 a 4500
001 - CONTROL NUMBER
control field 2526009
005 - DATE AND TIME OF LATEST TRANSACTION
control field 20170803124424.0
008 - FIXED-LENGTH DATA ELEMENTS--GENERAL INFORMATION
fixed length control field 931223s1994 inu b s001 0 eng
010 ## - LIBRARY OF CONGRESS CONTROL NUMBER
LC control number 93050171
020 ## - INTERNATIONAL STANDARD BOOK NUMBER
International Standard Book Number 025331609X (cloth : alk. paper)
040 ## - CATALOGING SOURCE
Original cataloging agency DLC
Transcribing agency DLC
Modifying agency DLC
050 00 - LIBRARY OF CONGRESS CALL NUMBER
Classification number B873
Item number .D36 1994
082 00 - DEWEY DECIMAL CLASSIFICATION NUMBER
Classification number 191
Edition number 20
100 1# - MAIN ENTRY--PERSONAL NAME
Personal name Daniel, Stephen H.
Fuller form of name (Stephen Hartley),
Dates associated with a name 1950-
9 (RLIN) 34581
245 14 - TITLE STATEMENT
Title The philosophy of Jonathan Edwards :
Remainder of title a study in divine semiotics /
Statement of responsibility, etc Stephen H. Daniel.
260 ## - PUBLICATION, DISTRIBUTION, ETC. (IMPRINT)
Place of publication, distribution, etc Bloomington :
Name of publisher, distributor, etc Indiana University Press,
Date of publication, distribution, etc c1994.
300 ## - PHYSICAL DESCRIPTION
Extent ix, 212 p. ;
Dimensions 25 cm.
440 #4 - SERIES STATEMENT/ADDED ENTRY--TITLE
Title The Indiana series in the philosophy of religion
9 (RLIN) 24405
504 ## - BIBLIOGRAPHY, ETC. NOTE
Bibliography, etc Includes bibliographical references (p. 201-207) and index.
600 10 - SUBJECT ADDED ENTRY--PERSONAL NAME
Personal name Edwards, Jonathan,
Dates associated with a name 1703-1758.
9 (RLIN) 34582
650 #0 - SUBJECT ADDED ENTRY--TOPICAL TERM
Topical term or geographic name as entry element Semiotics
General subdivision History
Chronological subdivision 18th century.
9 (RLIN) 34583
906 ## - LOCAL DATA ELEMENT F, LDF (RLIN)
a 7
b cbc
c orignew
d 1
e ocip
f 19
g y-gencatlg
942 ## - ADDED ENTRY ELEMENTS (KOHA)
Source of classification or shelving scheme Library of Congress Classification
Item type Monograph ( Printed materials)
Holdings
Withdrawn status Lost status Source of classification or shelving scheme Damaged status Not for loan Collection code Home library Current library Shelving location Date acquired Total Checkouts Full call number Barcode Date last seen Copy number Price effective from Koha item type
    Library of Congress Classification     Main Collection ARRUPE LIBRARY ARRUPE LIBRARY   27/02/2013   B873.D36 1994 46405910 27/02/2013 1 27/02/2013 Monograph ( Printed materials)

 

Arrupe Library. PO Box MP320 Mt Pleasant, Harare, Zimbabwe
263 242 745411|librarian@aju.ac.zw